Normal view MARC view
  • INTEL 8051 (Computer)

Entry Topical Term

Number of records used in: 1

001 - CONTROL NUMBER

  • control field: 99487

003 - CONTROL NUMBER IDENTIFIER

  • control field: NUST

005 - DATE AND TIME OF LATEST TRANSACTION

  • control field: 20221007145346.0

008 - FIXED-LENGTH DATA ELEMENTS

  • fixed length control field: 221007|| aca||aabn | a|a d

040 ## - CATALOGING SOURCE

  • Original cataloging agency: NUST
  • Transcribing agency: NUST

150 ## - HEADING--TOPICAL TERM

  • Topical term or geographic name entry element: INTEL 8051 (Computer)
  • General subdivision: Programming

670 ## - SOURCE DATA FOUND

  • Source citation: Work cat.: (NUST)175941: Ibrahim, Dogan. 58160, Microcontroller projects in C for the 8051 /, 2000.
© 2023 Central Library, National University of Sciences and Technology. All Rights Reserved.